Metric news.

Bibliographic Details
Format: Journal
Language:English
Published: [Roscoe, Ill.] : [Swani Pub. Co.]
Subjects:
Online Availability: Check for online availability

MARC

Tag First Indicator Second Indicator Subfields
LEADER 00000cas a2200000 4500
001 in00000184613
005 20151009050800.0
008 740509d19uu1978ilubu1p 0uuua0enge
010 |a  74641364  
012 |a 2  |b 3  |c -  |d 7  |e n  |f -  |g p  |h -  |i ---- 
022 |a 0093-3708 
035 |a (OCoLC)01791934 
035 |9 AAV1285AM 
037 |b P.O. Box 248, 61073 
037 |c $5.00 
040 |a DLC  |c DLC  |d NSD  |d TXA  |d UtOrBLW 
042 |a lc  |a nsdp 
043 |a n-us--- 
049 |a TXAE 
050 0 0 |a QC90.8  |b .M47 
082 0 |a 389/.152/05 
222 0 |a Metric news 
245 0 0 |a Metric news. 
264 1 |a [Roscoe, Ill.] :  |b [Swani Pub. Co.] 
300 |a 5 volumes :  |b illustrations ;  |c 28 cm. bimonthly. 
336 |a text  |b txt  |2 rdacontent 
337 |a unmediated  |b n  |2 rdamedia 
338 |a volume  |b nc  |2 rdacarrier 
362 0 |a v. 1-5, no. 1; 19 -1978. 
650 0 |a Metric system  |x Periodicals. 
650 0 |a Weights and measures  |z United States  |x Periodicals. 
999 |a MARS 
999 f f |s a9c63285-1554-3103-bfff-8823fb1ef3e9  |i 2ac9d6f5-e00b-3fd1-b712-5cb0c35888bd  |t 0 
952 f f |p ric  |a Texas A&M University  |b Rellis Campus  |c Joint Library Facility  |d Remote Storage  |t 0  |e QC90.8 .M47  |h Library of Congress classification  |i unmediated -- volume  |k v.4 -v.5:no.1  |l 1977-1978  |m A14821242290 
952 f f |p ric  |a Texas A&M University  |b Rellis Campus  |c Joint Library Facility  |d Remote Storage  |t 0  |e QC90.8 .M47  |h Library of Congress classification  |i unmediated -- volume  |k v.3  |l 1976  |m A14821242282 
998 f f |a QC90.8 .M47  |s v.5:no.1 (1978)  |t 0  |l Remote Storage